LEADER 00784cac0 22002171 450 001 LAEC00028832 005 20181011085341.0 100 $a20110502f0000 |||||ita|0103 ba 102 $aIT 110 $ab 200 1 $astudi$fIstituto nazionale di studi sul Rinascimento meridionale 210 $aNapoli$cIstituto nazionale di studi sul Rinascimento meridionale 801 0$aIT$bUNISOB$c20181011$gRICA 912 $aLAEC00028832 940 $aC 121 Collana SBN 941 $aC 996 $aStudi$961691 997 $aUNISOB 998 \\$1001E600200002496$12001 $aLe farse, il Trionfo, il Lamento 998 \\$1001E600200067012$12001 $a<>stampa a Napoli nel Quattrocento 998 \\$1001SOBE00062305$12001 $a<>Rinascimento meridionale nell'editoria napoletana dell'Ottocento LEADER 09205nam 22008295 450 001 996202053103316 005 20200703145544.0 010 $a3-662-45237-5 024 7 $a10.1007/978-3-662-45237-0 035 $a(CKB)3710000000269823 035 $a(SSID)ssj0001372571 035 $a(PQKBManifestationID)11895553 035 $a(PQKBTitleCode)TC0001372571 035 $a(PQKBWorkID)11304585 035 $a(PQKB)10169596 035 $a(DE-He213)978-3-662-45237-0 035 $a(MiAaPQ)EBC6303274 035 $a(MiAaPQ)EBC5595894 035 $a(Au-PeEL)EBL5595894 035 $a(OCoLC)895047016 035 $a(PPN)182097935 035 $a(EXLCZ)993710000000269823 100 $a20141025d2014 u| 0 101 0 $aeng 135 $aurnn#008mamaa 181 $ctxt 182 $cc 183 $acr 200 10$aComputer Information Systems and Industrial Management$b[electronic resource] $e13th IFIP TC 8 International Conference, CISIM 2014, Ho Chi Minh City, Vietnam, November 5-7, 2014, Proceedings /$fedited by Khalid Saeed, Václav Sná?el 205 $a1st ed. 2014. 210 1$aBerlin, Heidelberg :$cSpringer Berlin Heidelberg :$cImprint: Springer,$d2014. 215 $a1 online resource (XVIII, 702 p. 313 illus.) 225 1 $aInformation Systems and Applications, incl. Internet/Web, and HCI ;$v8838 300 $aBibliographic Level Mode of Issuance: Monograph 311 $a3-662-45236-7 327 $aProcessing Collective Knowledge ? Conflict Resolution and Integration Aspects -- How to Store and Process Big Data: Are Today?s Databases Sufficient -- A New Contention Management Technique for Obstruction Free Transactional Memory -- Evolutionary Algorithm for Decision Tree Induction -- A New Method for Mining High Average Utility Itemsets -- Spectral Clustering Based on Analysis of Eigenvector Properties -- Applying Recurrent Fuzzy Neural Network to Predict the Runoff of Srepok River -- Comparison of Chaos Driven PSO and Differential Evolution on the Selected PID Tuning Problem -- Improving Rule Selection from Robot Soccer Strategy with Sub strategies -- Novel Ranking Methods Applied to Complex Membership Determination Problems -- Combination of Self Organizing Maps and Growing Neural Gas -- A Survey of Security and Privacy Issues for Biometrics Based Remote Authentication in Cloud -- On the Comparison of the Keystroke Dynamics Databases -- Influence of Eye Diseases on the Retina Pattern Recognition -- Pupil and Iris Detection Algorithm for Near-Infrared Capture Devices -- Query Selectivity Estimation Based on Improved V-optimal Histogram by Introducing Information about Distribution of Boundaries of Range Query Conditions -- Dynamic Centrality for Directed Co-author Network with Context -- Towards a Conceptual Search for Vietnamese Legal Text -- A Vietnamese Question Answering System in Vietnam?s Legal Documents -- An Inner-Enterprise Wiki System (IWkS) Integrated with an Expert Finding Mechanism for Lesson-Learned Knowledge Accumulation in Product Design -- Movie Recommendation Using OLAP and Multidimensional Data Model -- Decision Trees and Their Families in Imbalanced Pattern Recognition: Recognition with and without Rejection -- An Approach for Integrating Multidimensional Database into Context-Aware Recommender System -- Vietnamese Sentence Similarity Based on Concepts -- Materialized View Construction Based on Clustering Technique -- Big Data Spectra Analysis Using Analytical Programming and Random Decision Forests -- Man-Machine Interaction Improvement by Means of Automatic Human Personality Identification -- via RODOS: Monitoring and Visualisation of Current Traffic Situation on Highways -- Computation of Swing-up Signal for Inverted Pendulum Using Dynamic Optimization -- System and Application Scenarios for Disaster Management Processes, the Rainfall-Runoff Model Case Study -- An Approach to Continuous Pervasive Care of Remote Patients Based on Priority Based Assignment of Nurse -- Abbreviation Method for Some Jointed Relations in Displaying Genealogy -- Proposing a Novel Architecture of Script Component to Incorporate the Scripting Language Support in SCADA Systems -- Agent-Based Context Management for Service-Oriented Environments -- Event Based Approaches for Solving Multi-mode Resource Constraints Project Scheduling Problem -- Non-cooperative Games Involving Type-2 Fuzzy Uncertainty: An Approach -- Joining Concept?s Based Fuzzy Cognitive Map Model with Moving Window Technique for Time Series Modeling -- Time Series Modeling with Fuzzy Cognitive Maps: Simplification Strategies-The Case of a Posteriori Removal of Nodes and Weights -- An Effective Initialization for ASM-Based Methods -- A Multiple Refinement Approach in Abstraction Model Checking -- Chaos Driven Particle Swarm Optimization with Basic Particle Performance Evaluation ? An Initial Study -- Chaos Powered Grammatical Evolution -- Network Anomaly Detection Using Parameterized Entropy -- Universal Central Control of Home Appliances as an Expanding Element of the Smart Home Concepts -- An Off-the-Shelf Platform for Automatic and Interactive Text Messaging Using Short Message Service -- Application of PIL Approach for Automated Transportation Center -- A Model of a System for Stream Data Storage and Analysis Dedicated to Sensor Networks of Embankment Monitoring -- Analysis of Social Influence and Information Dissemination in Social Media: The Case of Twitter -- Multi?criteria Route Planning in Bus Network -- Pattern Recognition and Image Processing Enhanced LBP-Based Face Recognition System Using a Heuristic Approach for Searching Weight Set -- A Local Gaussian Filter and Adaptive Morphology as Tools for Completing Partially Discontinuous Curves -- Subspaces Clustering Approach to Lossy Image Compression -- An Impact of the User and Time Parameters to Sequence Alignment Methods for Process Mining -- An Implementation of a Paper Based Authentication Using HC2D Barcode and Digital Signature -- Grasping Action for Impaired Vision Action Using HC2D Barcode Technology -- Hardware Approach for Generating b-detectors by Immune-Based Algorithms -- Evaluating Industrial Control Devices Security: Standards, Technologies and Challenges -- Protection Profile for Secure Sensitive Information System on Mobile Devices -- Implicit and Explicit Certificates-Based Encryption Scheme -- Malware Behavior Modeling with Colored Petri Nets -- A Proposal of Algorithm for Web Applications Cyber Attack Detection -- Semantic Set Analysis for Malware Detection. 330 $aThis book constitutes the proceedings of the 13th IFIP TC 8 International Conference on Computer Information Systems and Industrial Management, CISIM 2014, held in Ho Chi Minh City, Vietnam, in November 2014. The 60 paper presented in this volume were carefully reviewed and selected from 98 submissions. They are organized in topical sections named: algorithms; biometrics and biometrics applications; data analysis and information retrieval; industrial management and other applications; modelling and optimization; networking; pattern recognition and image processing; and various aspects of computer security. 410 0$aInformation Systems and Applications, incl. Internet/Web, and HCI ;$v8838 606 $aComputer communication systems 606 $aApplication software 606 $aPattern recognition 606 $aSoftware engineering 606 $aAlgorithms 606 $aInformation storage and retrieval 606 $aComputer Communication Networks$3https://scigraph.springernature.com/ontologies/product-market-codes/I13022 606 $aInformation Systems Applications (incl. Internet)$3https://scigraph.springernature.com/ontologies/product-market-codes/I18040 606 $aPattern Recognition$3https://scigraph.springernature.com/ontologies/product-market-codes/I2203X 606 $aSoftware Engineering$3https://scigraph.springernature.com/ontologies/product-market-codes/I14029 606 $aAlgorithm Analysis and Problem Complexity$3https://scigraph.springernature.com/ontologies/product-market-codes/I16021 606 $aInformation Storage and Retrieval$3https://scigraph.springernature.com/ontologies/product-market-codes/I18032 615 0$aComputer communication systems. 615 0$aApplication software. 615 0$aPattern recognition. 615 0$aSoftware engineering. 615 0$aAlgorithms. 615 0$aInformation storage and retrieval. 615 14$aComputer Communication Networks. 615 24$aInformation Systems Applications (incl. Internet). 615 24$aPattern Recognition. 615 24$aSoftware Engineering. 615 24$aAlgorithm Analysis and Problem Complexity. 615 24$aInformation Storage and Retrieval. 676 $a004.6 702 $aSaeed$b Khalid$4edt$4http://id.loc.gov/vocabulary/relators/edt 702 $aSná?el$b Václav$4edt$4http://id.loc.gov/vocabulary/relators/edt 801 0$bMiAaPQ 801 1$bMiAaPQ 801 2$bMiAaPQ 906 $aBOOK 912 $a996202053103316 996 $aComputer Information Systems and Industrial Management$91947570 997 $aUNISA LEADER 09554oam 2201573 c 450 001 9910166056603321 005 20260302090207.0 010 $a3-7328-3245-7 010 $a3-8376-3245-8 010 $a3-8394-3245-6 024 7 $a10.14361/9783839432457 035 $a(CKB)3710000000497137 035 $a(DE-B1597)462446 035 $a(OCoLC)934155444 035 $a(OCoLC)982239477 035 $a(DE-B1597)9783839432457 035 $a(MiAaPQ)EBC5494412 035 $a(Au-PeEL)EBL5494412 035 $a(transcript Verlag)9783839432457 035 $a(MiAaPQ)EBC6955918 035 $a(Au-PeEL)EBL6955918 035 $a(oapen)https://directory.doabooks.org/handle/20.500.12854/37837 035 $a(ScCtBLL)2b4ebfd9-2f6d-4d80-aa58-d2a5be0a23b8 035 $a(OCoLC)1295943131 035 $a(Perlego)1464661 035 $a(oapen)doab37837 035 $a(EXLCZ)993710000000497137 100 $a20260302d2015 uy 0 101 0 $ager 135 $aurmu#---uuuuu 181 $ctxt$2rdacontent 182 $cc$2rdamedia 183 $acr$2rdacarrier 200 04$aDie Welt der Commons$eMuster gemeinsamen Handelns$fSilke Helfrich, David Bollier, Heinrich-Böll-Stiftung e.V 205 $a1st ed. 210 $aBielefeld$ctranscript Verlag$d2015 215 $a1 online resource (379 pages) $cillustrations; digital, PDF file(s) 225 0 $aSozialtheorie 300 $aThe logic of capitalism is that of dividing and sharing. Only that in capitalism, people do not share, but rather, they themselves are divided up. For this reason, the British historian E.P. Thompson claims that »it was always a problem to explain the commons with capitalist categories«. Whoever enters into the world of the commons encounters another logic, another language and other categories. In this volume, authors from all continents investigate the anthropological foundations of the commons, and propose them at the same time as concrete utopias (E. Bloch). They make it possible to understand that everything is, or can become, commons: through processes of shared responsibility, in laboratories for self-organization and through freedom in solidarity. Commoners realize that which is already possible today, and will become obvious tomorrow. This is shown by over 40 examples from across the world. This book expands our notions of the possible when it comes to the organization of economics and society. With contributions by Nigel Gibson, Marianne Gronemeyer, Helmut Leitner, Etienne Le Roy, Andreas Weber, Rosa Luxemburg, Anne Salmond, David Sloan Wilson and more. 320 $aIncludes bibliographical references and index. 327 $aFrontmatter 1 Inhalt 5 Vorwort 11 OUVERTU?RE 13 Mit Mustern arbeiten 26 Muster gemeinsamen Handelns 36 »Elinor's Law« - Design-Prinzipien fu?r Commons-Institutionen nach Elinor Ostrom 55 Acht Orientierungspunkte fu?r das Commoning 57 Konvivialita?t 59 INTERMEZZO I 63 Bisses de Savie?se - Eine Zeitreise zu den Bewa?sserungskana?len des Wallis 71 Die Anthropologie der Wa?lder 75 Guassa - eine besondere Art des Ressourcenschutzes 81 »Ho?chst merkwu?rdige Sitten« 86 Terre de Liens - Wie Ackerland zum Commons wird 93 Wasser in eigener Verantwortung 97 Urban Commons 102 Unsere Art zu wissen: Frauen schu?tzen Commons in Rajasthan 107 Erfolge auf dem Feld 114 Der Kartoffelpark in Peru 119 Zwo?lf Design-Prinzipien fu?r Permakultur 124 Feuer und Frost 127 Ein Theater-Commons kommt zur Welt 132 Digitale Kunst als Commons 136 Die zehn Burning-Man-Prinzipien 142 Farm Hack 145 Der Architekt Van Bo Le-Mentzel lebt Offenheit, Commons und bedingungsloses Grundarbeiten 151 Ein Fab Lab fu?r St. Pauli 158 Arduino und die Open-Hardware-Revolution 162 OpenSPIM: Ein Hightech-Commons fu?r Forschung und Lehre 165 Die Geschichte von LibreOffice 172 OpenCourseWare und Open Education 176 Vorreiter des freien Wissens: Public Library of Science 180 Commons in Filmen 184 Die Zeitbank von Helsinki 187 Neuer Wohlstand 191 WIR - Eine Wa?hrung, die den Tausch neu erfindet 196 Commoning in Katastrophenzeiten 200 Unser gemeinsamer Reichtum 204 Neues vom Bewa?hrten 209 Commons fu?r Buchstaben 213 »Remix the Commons« 220 Mit vereinten Kra?ften 223 Kreativ, innovativ, offen 229 Der offene Weg 232 Bru?ter neuer Ideen: Medialab-Prado 239 Eine Odyssee mit klarem Ziel 243 Warum Omni-Commons? 249 Unterwegs zu einer Gesellschaft des Gemeinsamen 250 »Wir sind ein großes Gespra?ch« 255 INTERMEZZO II Die Innenwelt der Außenwelt: U?ber Commons und Commoning 262 Wie ich dreißig Jahre zu Commons forsche, ohne es zu wissen 267 Subjektivita?t, Emotion und (nicht) rationale Commons 285 Der Urquell der Fische 297 Ein ethischer Kampf ums Menschsein 317 Commons im Pluriversum 334 Commons gro?ßer denken 346 Wirklichkeit als Allmende Eine Poetik der Teilhabe fu?r das Anthropoza?n 354 FINALE 373 Danksagungen 375 Sachregister 377 Backmatter 380 330 $aDie Logik des Kapitalismus heißt teilen. Nur teilen darin nicht die Menschen, sondern sie werden geteilt. Es ist daher problematisch, Commons in kapitalistischen Kategorien zu erklären. Wer die Welt der Commons betritt, begegnet einer anderen Logik, einer anderen Sprache und anderen Kategorien.Nach »Commons. Für eine neue Politik jenseits von Markt und Staat« (2012) erkunden in diesem Band Autorinnen und Autoren aller Kontinente die anthropologischen Grundlagen der Commons und stellen sie zugleich als konkrete Utopien vor. Sie machen nachvollziehbar, dass alles Commons sein oder werden kann: durch Prozesse geteilter Verantwortung, in Laboratorien für Selbstorganisation und durch Freiheit in Verbundenheit. Commoners realisieren, was schon heute machbar ist und morgen selbstverständlich sein wird. Das zeigen über 40 Beispiele aus aller Welt.Dieses Buch erweitert unseren Möglichkeitssinn für die Gestaltung von Wirtschaft und Gesellschaft.Mit Beiträgen u.a. von Nigel C. Gibson, Marianne Gronemeyer, Helmut Leitner, Étienne Le Roy, Andreas Weber, Rosa Luxemburg, Anne Salmond und David Sloan Wilson. 330 1 $a»Eine spannende Forschungsreise!« 330 1 $a»Ein Standardwerk.« 330 1 $a»Ein hoch inspirierendes Werk.Es bleibt zu hoffen, dass viele aktive Commoners die Zeit finden, um dieses Buch zu lesen, und sich durch ein bewussteres Commoning in Zukunft neue Vernetzungen und Innovationsmöglichkeiten innerhalb des Commons Experimentierfelds herausbilden.« 330 1 $aBesprochen in:www.keimform.de, 21.11.2015, Stefan MeretzPortal für Politikwissenschaft, 04.02.2016, Christian HeuserGen-ethischer Informationsdienst, 235 (2016), Christof Potthofhttps://oesterreich.option.news, 31.10.2023, Scientists for Future Austria 410 0$aSozialtheorie 517 2 $aHelfrich et al. (Hg.), Die Welt der Commons$eMuster gemeinsamen Handelns 606 $aGemeinwohl 606 $aCommons 606 $aVergemeinschaftung 606 $aCommoner 606 $aCommoning 606 $aAllmende 606 $aSustainability 606 $aOpen Source 606 $aGemeingüter 606 $aPower 606 $aEinhegung/Enclosure 606 $aCivil Society 606 $aCooperation 606 $aEmanzipation 606 $aCapitalism 606 $aNachhaltigkeit 606 $aPolitics 606 $aEconomy 606 $aFreies Wissen 606 $aNature 606 $aPrivatisierung 606 $aPublic Goods 606 $aMacht 606 $aGovernance 606 $aEconomic Theory 606 $aEconomic Policy 606 $aZivilgesellschaft 606 $aSociology 606 $aKooperation 606 $aKapitalismus 606 $aPolitik 606 $aWirtschaft 606 $aNatur 606 $aÖffentliche Güter 606 $aWirtschaftstheorie 606 $aWirtschaftspolitik 606 $aSoziologie 615 4$aGemeinwohl 615 4$aCommons 615 4$aVergemeinschaftung 615 4$aCommoner 615 4$aCommoning 615 4$aAllmende 615 4$aSustainability 615 4$aOpen Source 615 4$aGemeingüter 615 4$aPower 615 4$aEinhegung/Enclosure 615 4$aCivil Society 615 4$aCooperation 615 4$aEmanzipation 615 4$aCapitalism 615 4$aNachhaltigkeit 615 4$aPolitics 615 4$aEconomy 615 4$aFreies Wissen 615 4$aNature 615 4$aPrivatisierung 615 4$aPublic Goods 615 4$aMacht 615 4$aGovernance 615 4$aEconomic Theory 615 4$aEconomic Policy 615 4$aZivilgesellschaft 615 4$aSociology 615 4$aKooperation 615 4$aKapitalismus 615 4$aPolitik 615 4$aWirtschaft 615 4$aNatur 615 4$aÖffentliche Güter 615 4$aWirtschaftstheorie 615 4$aWirtschaftspolitik 615 4$aSoziologie 676 $a330 686 $aAP 14150$2rvk 702 $aHelfrich$b Silke$p

Silke Helfrich, 1967-2021, Deutschland

$4edt 702 $aBollier$b David$p

David Bollier, USA

$4edt 712 02$aHeinrich-Böll-Stiftung e.V.$4edt 801 0$bDE-B1597 801 1$bDE-B1597 801 2$bUkMaJRU 906 $aBOOK 912 $a9910166056603321 996 $aDie Welt der Commons$94413678 997 $aUNINA